Doing business in Kenya (Record no. 39410)
[ view plain ]
| 000 -LEADER | |
|---|---|
| fixed length control field | 00646nam a22001577a 4500 |
| 008 - FIXED-LENGTH DATA ELEMENTS--GENERAL INFORMATION | |
| fixed length control field | 110928t xxu||||| |||| 00| 0 eng d |
| 020 ## - INTERNATIONAL STANDARD BOOK NUMBER | |
| International Standard Book Number | 9789966967312 |
| 100 ## - MAIN ENTRY--PERSONAL NAME | |
| Personal name | Ncebere,Rukunga |
| 245 ## - TITLE STATEMENT | |
| Title | Doing business in Kenya |
| Remainder of title | Rukunga Ncebere |
| 260 ## - PUBLICATION, DISTRIBUTION, ETC. (IMPRINT) | |
| Place of publication, distribution, etc | Nairobi |
| Name of publisher, distributor, etc | R.N Publishers |
| Date of publication, distribution, etc | 2003 |
| 300 ## - PHYSICAL DESCRIPTION | |
| Extent | x,228 p. |
| Dimensions | 21 cm. |
| 650 ## - SUBJECT ADDED ENTRY--TOPICAL TERM | |
| Source of heading or term | Doing business |
| Geographic subdivision | kenya |
| 942 ## - ADDED ENTRY ELEMENTS (KOHA) | |
| Source of classification or shelving scheme | Library of Congress Classification |
| Item type | Book |
| Withdrawn status | Lost status | Source of classification or shelving scheme | Damaged status | Not for loan | Collection code | Home library | Current library | Shelving location | Date acquired | Source of acquisition | Total Checkouts | Full call number | Barcode | Date last borrowed | Copy number | Price effective from | Koha item type |
|---|---|---|---|---|---|---|---|---|---|---|---|---|---|---|---|---|---|
| Library of Congress Classification | Non-fiction | Bishop Okullu Memorial Library (Limuru Campus) | Bishop Okullu Memorial Library (Limuru Campus) | General Circulation | 28/09/2011 | purchase | 4 | HF5277 .A3 N34 2003 | 027648 | 15/12/2016 | 1 | 28/09/2011 | Book | ||||
| Library of Congress Classification | Non-fiction | Bishop Okullu Memorial Library (Limuru Campus) | Bishop Okullu Memorial Library (Limuru Campus) | General Circulation | 28/09/2011 | purchase | 4 | HF5277 .A3N34 2003 | 027649 | 07/03/2015 | 2 | 28/09/2011 | Book |